| 000 | 00670nam a22002417a 4500 | ||
|---|---|---|---|
| 008 | 130528b xxu||||| |||| 00| 0 eng d | ||
| 020 | _a978-0-07-063414-5 | ||
| 024 | _cavailable | ||
| 037 | _cavailable | ||
| 040 |
_aMBSTU Library _dMBSTU Library |
||
| 082 |
_222 _a004.68 FOD |
||
| 100 | _aForouzan, Behrouz A | ||
| 245 | _aData Communication and Networking | ||
| 250 | _a4th edition | ||
| 260 |
_aNew Delhi _bTMH _c2007 |
||
| 300 |
_a24 cm. _bxxxiv, 1134 page _f4 |
||
| 600 | _aNet Working Computer | ||
| 700 | _aForouzan, Behrouz A | ||
| 270 |
_aNew Delhi _bNew Delhi _dIndia |
||
| 365 | _d552.00 | ||
| 942 |
_2ddc _cBK |
||
| 999 |
_c421 _d421 |
||